An introduction to the mathematical theory of geophysical fluid dynamics /

Guardado en:
Autor Principal: Friedlander, Susan, 1946-
Formato: Libro
Idioma:English
Publicado: Amsterdam : New York : North-Holland Pub. Co. ; sole distributors for the U.S.A. and Canada, Elsevier North-Holland, 1980.
Series:North-Holland mathematics studies ; 41
Notas de matemática (Rio de Janeiro, Brazil) ; no. 70.
Materias:
Etiquetas: Agregar Etiqueta
Sin Etiquetas, Sea el primero en etiquetar este registro!
LEADER 01113cam a22002775a 4500
001 EIQ.libpla000988
008 800522s1980####ne#a#####b####001#0#eng#d
005 20060710191300.0
245 1 3 |a An introduction to the mathematical theory of geophysical fluid dynamics /  |c Susan Friedlander. 
260 |a Amsterdam :  |b North-Holland Pub. Co. ;  |a New York :  |b sole distributors for the U.S.A. and Canada, Elsevier North-Holland,  |c 1980. 
300 |a x, 272 p. :  |b il. ;  |c 24 cm. 
440 0 |a North-Holland mathematics studies ;  |v 41 
490 1 |a Notas de matemática ;  |v 70 
504 |a Bibliografía: p. 263-268. 
500 |a Incluye índice. 
020 |a 0444860320 
100 1 |a Friedlander, Susan,  |d 1946- 
830 0 |a Notas de matemática (Rio de Janeiro, Brazil) ;  |v no. 70. 
082 0 0 |a 510 s  |a 532/.05 
650 4 |a Fluidos dinámicos  |x Teoría matemática. 
650 4 |a Geofísica  |x Teoría matemática. 
650 4 |a Fluid dynamics  |x mathematical theory. 
650 4 |a Geophysics  |x mathematical theory. 
010 |a  80016811  
040 |a DLC  |c DLC  |d AR-BbSID 
859 |a AR-BbSID  |b BIB. PLAPIQUI  |h 551  |i F 874  |p 1572